| 000 | 005570000a22001810004500 | ||
|---|---|---|---|
| 003 | MACL | ||
| 005 | 20160512170231.0 | ||
| 008 | 160512b xxu||||| |||| 00| 0 eng d | ||
| 040 |
_aMACL _cMACL |
||
| 041 | _aHindi | ||
| 082 | _a891.431 KAB | ||
| 100 |
_aकाबरा, किशोर _956550 |
||
| 245 |
_aउत्तर भागवत _cकिशोर काबरा |
||
| 260 |
_bअविराम प्रकाशन _c2004 _aनई दिल्ली |
||
| 350 | _a350 | ||
| 650 |
_aPoetry _956551 |
||
| 942 |
_cHIN _k891.431/KAB/P _2ddc |
||
| 999 |
_c12335 _d12335 |
||